Stanovenie hodnoty neziskovej organizácie

Znalecké úkony v právnych formách neziskových organizácií. Prípady, kedy je potrebné pristúpiť k ohodnoteniu majetku neziskovej organizácie. Špecifiká výnosových metód pri stanovení hodnoty neziskovej organizácie.

Na minha lista:
Detalhes bibliográficos
Autor principal: Majdúchová, Helena, 1963-
Formato: Capítulo de Livro
Idioma:eslovaco
Assuntos:
Tags: Adicionar Tag
Sem tags, seja o primeiro a adicionar uma tag!

MARC

LEADER 00000naa$a2200000$$$4500
001 0155083
005 20240522091102.7
041 0 |a slo 
044 |a SK 
245 1 0 |a Stanovenie hodnoty neziskovej organizácie  |c Helena Majdúchová 
520 |a Znalecké úkony v právnych formách neziskových organizácií. Prípady, kedy je potrebné pristúpiť k ohodnoteniu majetku neziskovej organizácie. Špecifiká výnosových metód pri stanovení hodnoty neziskovej organizácie. 
610 2 0 |a ohodnocovanie podniku 
610 2 0 |a oceňovanie 
610 2 0 |a hodnota majetku 
610 2 0 |a organizácie neziskové 
610 2 0 |a nadácie 
610 2 0 |a legislatíva 
610 2 0 |a znalectvo 
610 2 0 |a znalci 
610 2 0 |a majetok nehmotný 
610 2 0 |a majetok hmotný 
610 2 0 |a úžitok 
100 1 |a Majdúchová, Helena, 1963-